Kto ich zdubbingował?- "Król Lew" - Statystyki

Ogólne statystyki
  • Ten quiz został rozwiązany 46 razy
  • Średni wynik to 4 z 12
Statystyki odpowiedzi
Postać Aktor dubbingowy % Poprawnych
Timon Krzysztof Tyniec
84%
Mufasa Wiktor Zborowski
70%
Pumba Emilian Kamiński
61%
Skaza Marek Barbasiewicz
39%
Shenzi Miriam Aleksandrowicz
36%
Rafiki Jacek Czyż
25%
Simba (dorosły) Paweł Tucholski
25%
Simba (mały) Michał Mech
16%
Zazu Tadeusz Borowski
14%
Nala (dorosła) Krystyna Tyszkiewicz
11%
Banzai Marek Frąckowiak
11%
Nala (mały) Urszula Janowska
9%
Nie znaleziono quizów pasujących do podanych kryteriów
Rozkład punktacji
Procent ludzi z każdym wynikiem
Percentyl według liczby udzielonych odpowiedzi
Twoja historia wyników
Nie rozwiązałeś tego quizu